00446nam a2200181 a 450000100060000000300090000600800410001502000150005604000280007108200150009910000250011424500320013930000100017149000280018165000260020994200120023599900170024711682CO-ViMGA141112s2004 ck r 000 u spa d a8482807005 aCO-ViMGAbspacCO-ViMGA04a843.8 V37u1 aVerne, Julio 91629410aUn capitan de quince años a311p. aBiblioteca de aventuras14aNOVELA FRANCESA92629 2ddccBK c22860d22860